000 nam a22 7a 4500
999 _c8146
_d8146
008 171130b xxu||||| |||| 00| 0 eng d
100 _94583
_aSHIVANSHU
245 _aSCIENCE -EXAMGURU-IX
260 _aNEW DELHI
_bFULL MARKS
_c2018